| LEADER |
01141nam0a2200229 450 |
| 001 |
16867804 |
| 010 |
|
|
|a 978-2-88445-423-0
|b Br.
|
| 100 |
|
|
|a 20251230d1998 u u0frey01 ba
|
| 101 |
0 |
|
|a fre
|
| 102 |
|
|
|a FR
|
| 200 |
0 |
|
|a Lili est malpolie
|f Dominique de Saint Mars, Serge Bloch
|
| 207 |
|
1 |
|a
|
| 210 |
|
|
|a Paris
|b Suisse
|c Calligram
|d 1998
|
| 215 |
|
|
|a 1 vol. (45 p.)
|c ill. en coul.
|d 16x12 cm
|
| 225 |
1 |
|
|a Max et Lili
|v 41
|
| 330 |
|
|
|a Toute la famille de Lili est invitée chez Clara. Mais, depuis les vacances, Lili est de plus en plus sans gêne. Alors comment va se passer le déjeuner ? Cette histoire de Max et Lili parle du respect des autres, du savoir-dire et du savoir-vivre. La politesse permet de bien vivre ensemble, en bon citoyen, sans se prendre au sérieux, de tout dire sans blesser et aussi de se faire aimer !
|
| 461 |
|
0 |
|t Ainsi va la vie
|v 41
|
| 700 |
|
0 |
|a Saint Mars
|b Dominique de
|c Auteur du texte
|f 1949-....
|4 70
|
| 701 |
|
0 |
|a Bloch
|b Serge
|c Illustrateur
|f 1956-....
|4 340
|
| 900 |
|
|
|a Roman (enfants)
|
| 901 |
|
|
|a Jeunesse
|
| 995 |
|
|
|a Médiathèque
|c Médiathèque
|f 089021034
|h 089021034
|k E SAI
|o p
|q j
|r az
|e Médiathèque
|